00377nam a2200109Ia 4500008004100000245013300041260004900174260000900223300001000232500000900242650001600251170224s9999 xx 000 0 und d a“Whether I like it or not, it’s important”: Implicit importance of means predicts self-regulatory persistence and success. bJournal of Personality and Social Psychology c2016 a110:6 aJune xPsychology.